| 000 | 00467nam a2200145 a 4500 | ||
|---|---|---|---|
| 001 | 5227 | ||
| 003 | CDMR | ||
| 005 | 20130220095025.0 | ||
| 008 | 130130s1998||||||||||||||||||||||||||||d | ||
| 040 |
_aCDMR _bcat _cCPC GIRONA |
||
| 110 |
_92855 _aSant Feliu de Guíxols _bAjuntament |
||
| 245 | 0 |
_aMemòria d'un temps _bJosep Irla i Bosch (1876-1958) Sant Feliu de Guíxols sota les bombes (1936-1939) |
|
| 260 |
_c1998 _bAjuntament de Sant Feliu de Guíxols |
||
| 942 |
_cMON _2ddc |
||
| 999 |
_c5227 _d5227 |
||